| 000 | 00691nam a22002177a 4500 | ||
|---|---|---|---|
| 999 |
_c16729 _d16729 |
||
| 003 | AR-CdUCM | ||
| 008 | 190504b ||||| |||| 00| 0 spa d | ||
| 040 |
_aMUNICIPALIDAD PROVINCIAL DEL CUSCO _cBIBLIOTECA MUNICIPAL DEL CUSCO |
||
| 041 | _hita | ||
| 082 |
_a858.9 / _bM19 |
||
| 100 |
_aMalatesta, Enrique _936338 |
||
| 245 |
_aEn el café : _bconversaciones sobre el comunismo anarquico / |
||
| 260 |
_aBuenos Aires : _bClaridad, _c1921. |
||
| 300 |
_a92 páginas ; _c18 cm. |
||
| 505 | _aContenido: En el café. | ||
| 650 |
_aLiteratura italiana _9615 |
||
| 650 |
_aSiglo XX. _98 |
||
| 700 |
_aSantillan, D.A. De (traductor) _936339 |
||
| 942 |
_2ddc _cLIBROS |
||
| 945 |
_aacv _d2019-05-04 |
||